| 000 | 00476nam a22001697a 4500 | ||
|---|---|---|---|
| 003 | OSt | ||
| 082 |
_a664 _bSAR/ST |
||
| 088 | _aT 644 | ||
| 100 | _aSaranya S | ||
| 245 | _aStandardisation and evaluation of thermal and non-thermal processing of ripe jackfruit / | ||
| 260 |
_aTavanur : _b Department of processing & food engineering , _c2025 |
||
| 300 | _a327 p. | ||
| 650 |
_aThermal processing _97497 |
||
| 650 |
_aJackfruit _97498 |
||
| 700 | _aSudheer K. P | ||
| 942 | _cTH | ||
| 999 |
_c19468 _d19468 |
||